|
|
|
|
| LEADER |
00000nab a2200000 ar4500 |
| 001 |
vtls010096384 |
| 003 |
SK-MaSNL |
| 005 |
20260303081156.0 |
| 008 |
100518c2010 xo |r|||||||||000 b|slo |
| 015 |
|
|
|a SNBRB2010/05
|2 snkbucl
|
| 038 |
|
|
|a SNKBUCL
|
| 040 |
|
|
|a SNKBUCL
|b slo
|c SNKBUCL
|e AACR2
|
| 041 |
0 |
|
|a slo
|
| 044 |
|
|
|a xo
|c SK
|
| 080 |
|
|
|a 82:929:821.133.1
|2 2001
|
| 080 |
|
|
|a 821.133.1:929
|2 2001
|
| 080 |
|
|
|a 82-051
|2 2001
|
| 080 |
|
|
|a 929 Besson, Philippe
|2 2001
|
| 100 |
1 |
|
|a Laučíková, Katarína,
|d 1979-
|4 ivr
|4 aut
|9 105461
|
| 245 |
1 |
0 |
|a Náš svet je nestály
|b rozhovor s francúzskym spisovateľom Philippom Bessonom
|c [zhovárala sa] Katarína Laučíková
|
| 300 |
|
|
|b Fotogr.
|
| 600 |
1 |
7 |
|a Besson, Philippe,
|d 1967-
|2 snkbucl
|9 1084038
|
| 655 |
|
7 |
|a rozhovory
|2 snkbucl
|9 31831
|
| 700 |
1 |
|
|a Besson, Philippe,
|d 1967-
|4 ive
|4 aut
|9 1084038
|
| 773 |
0 |
|
|t Knižná revue
|g Roč. XX, č. 7 (2010), s. 9
|x 1210-1982
|
| 852 |
|
|
|a SNK
|b KIS3GCP
|
| 958 |
|
|
|a LX
|
| 958 |
|
|
|a FR
|
| 958 |
|
|
|a BC
|
| 999 |
|
|
|c 1783530
|d 1785460
|